Normal view
MARC view
- Cometa, Jaymark T.
Entry Personal Name
001 - CONTROL NUMBER
- control field: 2604
003 - CONTROL NUMBER IDENTIFIER
- control field: URS
005 - DATE AND TIME OF LATEST TRANSACTION
- control field: 20220913210211.0
008 - FIXED-LENGTH DATA ELEMENTS
- fixed length control field: 220913|| aca||aabn | a|a d
040 ## - CATALOGING SOURCE
- Original cataloging agency: URS
100 ## - HEADING--PERSONAL NAME
- Personal name: Cometa, Jaymark T.
- Relator term: author


































